Communication briefings
| Format: | Book |
|---|---|
| Language: | English |
| Published: |
Williamsport :
Briefings Group ,
2006
|
| Subjects: |
MARC
| LEADER | 00000cam a2200000 7i4500 | ||
|---|---|---|---|
| 001 | 0000019187 | ||
| 005 | 20091005.0 | ||
| 008 | 090929s -us# eng | ||
| 040 | |a INS | ||
| 090 | 0 | 0 | |a TK5101.A1 |b C66 |
| 245 | 0 | 0 | |a Communication briefings |
| 260 | |a Williamsport : |b Briefings Group , |c 2006 | ||
| 300 | |a Various pages ; |c 28cm. | ||
| 650 | 0 | |a Telecommunication |v Periodicals | |
| 999 | |a SER0002152 |b BOOK |c Open Shelf |e Default branch | ||
| 999 | |a SER0006874 |b BOOK |c Open Shelf |e Default branch | ||